<?xml version="1.0" encoding="UTF-8"?>
<record
    xmlns:xsi="http://www.w3.org/2001/XMLSchema-instance"
    xsi:schemaLocation="http://www.loc.gov/MARC21/slim http://www.loc.gov/standards/marcxml/schema/MARC21slim.xsd"
    xmlns="http://www.loc.gov/MARC21/slim">

  <leader>03167pam a22003371i 4500</leader>
  <controlfield tag="001">017398637</controlfield>
  <controlfield tag="003">Uk</controlfield>
  <controlfield tag="005">20160810133007.0</controlfield>
  <controlfield tag="006">m    ||  d |      </controlfield>
  <controlfield tag="007">cr |||||||||||</controlfield>
  <controlfield tag="008">150609s2015    enka   frb    001|0|eng|d</controlfield>
  <datafield tag="015" ind1=" " ind2=" ">
    <subfield code="a">GBB578245</subfield>
    <subfield code="2">bnb</subfield>
  </datafield>
  <datafield tag="020" ind1=" " ind2=" ">
    <subfield code="a">0124095402</subfield>
  </datafield>
  <datafield tag="020" ind1=" " ind2=" ">
    <subfield code="z">9780124095403</subfield>
  </datafield>
  <datafield tag="040" ind1=" " ind2=" ">
    <subfield code="a">StDuBDS</subfield>
    <subfield code="b">eng</subfield>
    <subfield code="c">StDuBDS</subfield>
    <subfield code="d">EG-ScBUE</subfield>
    <subfield code="e">pn</subfield>
  </datafield>
  <datafield tag="082" ind1="0" ind2="4">
    <subfield code="2">22</subfield>
    <subfield code="a">621.47 </subfield>
    <subfield code="b">SOL</subfield>
  </datafield>
  <datafield tag="245" ind1="0" ind2="0">
    <subfield code="a">Solar energy storage /</subfield>
    <subfield code="c">edited by Bent Sorensen.</subfield>
  </datafield>
  <datafield tag="260" ind1=" " ind2=" ">
    <subfield code="a">London :</subfield>
    <subfield code="b">Academic Press / Elsevier,</subfield>
    <subfield code="c">c.2015.</subfield>
  </datafield>
  <datafield tag="300" ind1=" " ind2=" ">
    <subfield code="a">xv, 383 p. :</subfield>
    <subfield code="b">ill. ;</subfield>
    <subfield code="c">24 cm.</subfield>
  </datafield>
  <datafield tag="500" ind1=" " ind2=" ">
    <subfield code="a">Index : p. 375-383.</subfield>
  </datafield>
  <datafield tag="504" ind1=" " ind2=" ">
    <subfield code="a">Includes bibliographical references.</subfield>
  </datafield>
  <datafield tag="505" ind1="0" ind2=" ">
    <subfield code="a">. Introduction and overview / Bent S&#xF8;rensen. Part 1 Solar energy storage options: 2.Solar electrical energy storage / Yulong Ding, Yongliang Li, Chuanping Liu and Ze Sun -- Innovative systems for storage of thermal solar energy in buildings / Lingai Luo and Nolwenn Le Pierr&#xE8;s -- 4.Assessment of electricity storage systems / F. Rahman, M.A. Baseer and S. Rehman -- 5.Storage of solar thermal energy in dependency of geographical and climatic boundary conditions/ Roman Marx --
6.Sorption heat storage / H.A. Zondag -- 7.Energetic complementarity with hydropower and the possibility of storage in batteries and water reservoirs / Alexandre Beluco, Paulo Kroeff de Souza, Fl&#xE1;vio Pohlmann Livi and Johann Caux --
8.Revitalization of hydro energy, a new approach for storing solar energy / Z. Glasnovic and K. Margeta -- Part 2 Economic assessment of solar storage: 9.Photovoltaics and storage plants, efficient capacities in a system view / B. B&#xF6;cker, B. Steffen and C. Weber -- 10.Economics of solar PV systems with storage, in main grid and mini-grid settings / Iain MacGill and Muriel Watt -- Part 3 Environmental and social impacts: 11.Environmental issues associated with solar electric and thermal systems with storage / Bent S&#xF8;rensen -- 12.
Consumer perceptions and acceptance of PV systems with energy storage / Naoya Abe, Junichiro Ishio, Teppei Katatani and Toshihiro Mukai -- Part 4 Case studies: 13.Photovoltaic-energy storage systems for remote small islands / J.K. Kaldellis -- 14.Solar thermal energy storage for solar cookers / Ashmore Mawire -- 15.Isolated and mini-grid solar PV systems, an alternative solution for providing electricity access in remote areas (case study from Nepal) / B. Mainali and R. Dhital.</subfield>
  </datafield>
  <datafield tag="520" ind1=" " ind2=" ">
    <subfield code="a">Focuses on energy stores suitable for integration into solar energy systems for delivering electric or thermal power to the end-users and emphasizes the latest technological developments driving this discipline forward. The book incorporates contributions from an internationally-recognized group of top authors, from both industry and academia, to provide information on issues ranging from underlying scientific fundamentals to practical applications.  </subfield>
  </datafield>
  <datafield tag="650" ind1=" " ind2="7">
    <subfield code="a">Solar energy.</subfield>
    <subfield code="2">BUEsh</subfield>
    <subfield code="9">5597</subfield>
  </datafield>
  <datafield tag="650" ind1=" " ind2="7">
    <subfield code="a">Energy storage.</subfield>
    <subfield code="2">BUEsh</subfield>
    <subfield code="9">35948</subfield>
  </datafield>
  <datafield tag="651" ind1=" " ind2=" ">
    <subfield code="2">BUEsh</subfield>
  </datafield>
  <datafield tag="653" ind1=" " ind2=" ">
    <subfield code="b">ENGGEN</subfield>
    <subfield code="c">August 2016	</subfield>
  </datafield>
  <datafield tag="700" ind1="1" ind2=" ">
    <subfield code="9">22509</subfield>
    <subfield code="a">Sorensen, Bent</subfield>
    <subfield code="e">editor.</subfield>
  </datafield>
  <datafield tag="776" ind1="0" ind2="8">
    <subfield code="i">Print version</subfield>
    <subfield code="z">9780124095403</subfield>
  </datafield>
  <datafield tag="942" ind1=" " ind2=" ">
    <subfield code="2">ddc</subfield>
    <subfield code="e">22</subfield>
    <subfield code="k">621.47 SOL</subfield>
  </datafield>
  <datafield tag="999" ind1=" " ind2=" ">
    <subfield code="c">22153</subfield>
    <subfield code="d">22125</subfield>
  </datafield>
  <datafield tag="952" ind1=" " ind2=" ">
    <subfield code="0">0</subfield>
    <subfield code="1">0</subfield>
    <subfield code="2">ddc</subfield>
    <subfield code="4">0</subfield>
    <subfield code="7">0</subfield>
    <subfield code="8">Baccah</subfield>
    <subfield code="a">MAIN</subfield>
    <subfield code="b">MAIN</subfield>
    <subfield code="c">1ST</subfield>
    <subfield code="d">2016-08-10</subfield>
    <subfield code="e">Purchase</subfield>
    <subfield code="g">1150.00</subfield>
    <subfield code="h">25843</subfield>
    <subfield code="l">2</subfield>
    <subfield code="m">5</subfield>
    <subfield code="o">621.47  SOL</subfield>
    <subfield code="p">000033219</subfield>
    <subfield code="r">2025-07-15 00:00:00</subfield>
    <subfield code="s">2024-06-04</subfield>
    <subfield code="v">1437.50</subfield>
    <subfield code="y">BB</subfield>
  </datafield>
</record>
